Thermodynamics (Record no. 1288)

000 -LEADER
fixed length control field 00553nam a22002177a 4500
001 - CONTROL NUMBER
control field 1288
003 - CONTROL NUMBER IDENTIFIER
control field BD-DhUET
008 - FIXED-LENGTH DATA ELEMENTS--GENERAL INFORMATION
fixed length control field 140902b xxu||||| |||| 00| 0 eng d
020 ## - INTERNATIONAL STANDARD BOOK NUMBER
International Standard Book Number 9780070262171
040 ## - CATALOGING SOURCE
Transcribing agency 0
Modifying agency BD-DhUET
082 ## - DEWEY DECIMAL CLASSIFICATION NUMBER
Classification number 621.01
Item number CEN/2008
100 ## - MAIN ENTRY--PERSONAL NAME
Personal name Cengel ,Yunus A.
245 ## - TITLE STATEMENT
Title Thermodynamics
Remainder of title an engineering approach
250 ## - EDITION STATEMENT
Edition statement 6th
260 ## - PUBLICATION, DISTRIBUTION, ETC. (IMPRINT)
Place of publication, distribution, etc. New Delhi
Name of publisher, distributor, etc. Tata McGraw-Hill,
Date of publication, distribution, etc. 2008
300 ## - PHYSICAL DESCRIPTION
Extent xxv,943p.
504 ## - BIBLIOGRAPHY, ETC. NOTE
Bibliography, etc Includes bibliographies

650 #0 - SUBJECT ADDED ENTRY--TOPICAL TERM
Topical term or geographic name as entry element Thermodynamics
700 ## - ADDED ENTRY--PERSONAL NAME
Personal name Boles ,Michael A.
942 ## - ADDED ENTRY ELEMENTS (KOHA)
Koha item type General Book
Holdings
Withdrawn status Date acquired Shelving location Location (home branch) Damaged status Copy number Source of classification or shelving scheme Koha renewals Koha normalized classification for sorting Lost status Koha out on loan Sublocation or collection (holding branch) Price effective from Koha full call number Koha collection Koha date last seen Piece designation (barcode) Koha issues (times borrowed) Not for loan Koha date last borrowed Koha item type
 2014-09-02Circulation sectionCentral Library, BUET 1  621_000000000000000_01CEN2008  Central Library, BUET2014-09-02621.01/CEN/2008 2026-05-0510621226 2026-04-15General Book
 2015-02-07Circulation sectionCentral Library, BUET   3621_010000000000000_CEN_2008 2018-05-23Central Library, BUET2015-02-07621.01/CEN/2008Non Fiction2018-05-091062137 2018-05-09General Book